Add a 'W' Quiz Stats

Quiz Updated Feb 16, 2012

Also try: Add an 'X'
Challenge
Share
Tweet
Embed
Score 0/16 Timer 05:00
0 Plays Today
Before Hint Answer % Correct
Sign or portentomen --> women
77%
Correctright --> wright
66.2%
To weardon --> down
61.3%
Rip to piecesshred --> shrewd
58.4%
A trigonometric functionsine --> sinew
50%
Meshed ropesnet --> newt
44.8%
Prescribed quantitydose --> dowse
36.7%
To sort throughsift --> swift
35.1%
Before Hint Answer % Correct
Prong or branchtine --> twine
32.7%
Prophet or soothsayerseer --> sewer
32.1%
Reddish brown, esp. of horsesroan -->rowan
23.4%
Sickly yellow colorsallow --> swallow
21.3%
To give a slight taste, smell, or colortinge --> twinge
19.9%
Grain huskbran --> brawn
14.7%
To dwindle to nothingpeter --> pewter
13.4%
Produce or procreatebreed --> brewed
13.2%

You're not logged in!

Compare scores with friends on all Sporcle quizzes.
Sign Up with Email
OR
Log In

You Might Also Like...

Show Comments

Extras

Top Quizzes Today


Score Distribution

Your Account Isn't Verified!

In order to create a playlist on Sporcle, you need to verify the email address you used during registration. Go to your Sporcle Settings to finish the process.